Najkrajšie slovenské národné rozprávky 1. zväzok

Bibliographic Details
Main Authors: Dobšinský, Pavol, 1828-1885 (Author), Válek, Igor, 1967- (Adapter, Compiler)
Format: Book
Language:Slovak
PhysicalDescription:382 strán ilustrácie 22 cm
Published: Žilina Georg [2014]
ISBN:9788081540677
Edition:Vydanie prvé
Series:Hrebendova knižnica
Subjects:

MARC

LEADER 00000cam a2200000 4500
001 vtls010596522
003 SK-MaSNL
005 20260301215103.0
008 140514s2014 xo a g 000 f slo
015 |a SNBA2022/10 
020 |a 9788081540677  |q (zväzok 1 ;  |q viazané) 
040 |a SNK  |b slo  |c SNK  |e rda 
041 0 |a slo 
044 |a xo  |c SK 
072 7 |a 821.162.4-3  |x Slovenská próza  |2 konspekt 
080 |a 821.162.4-34  |2 2011 
080 |a 398.21  |2 2011 
100 1 |a Dobšinský, Pavol,  |d 1828-1885  |4 aut  |4 col  |9 242422 
245 1 0 |a Najkrajšie slovenské národné rozprávky  |n 1. zväzok  |c Pavol Dobšinský ; upravil a prerozprával Igor Válek 
250 |a Vydanie prvé 
264 1 |a Žilina  |b Georg  |c [2014] 
300 |a 382 strán  |b ilustrácie  |c 22 cm 
336 |a text  |b txt  |2 rdacontent 
337 |a bez média  |b n  |2 rdamedia 
338 |a zväzok  |b nc  |2 rdacarrier 
490 1 |a Hrebendova knižnica 
500 |a Vydanie prvé vo vydavateľstve Georg 
500 |a Rok vydania podľa NA ISBN 
500 |a Obsahuje 69 rozprávok 
655 7 |a slovenské ľudové rozprávky  |2 SNKPH  |9 239440 
655 7 |a Slovak fairy tales  |2 SNKPHeng  |9 292250 
655 7 |a Folk tales  |2 SNKPHeng  |9 318347 
700 1 |a Válek, Igor,  |d 1967-  |4 com  |4 adp  |9 97609 
830 0 |a Hrebendova knižnica  |9 418547 
852 |a Slovenská národná knižnica 
919 |a 978-80-8154-067-7 
954 |a beletria pôvodná (slovenská)  |2 lita 
958 |a LX 
999 |c 926855  |d 928785 
952 |a SNK  |b SNK  |y PREZ  |7 0  |p 17A1483831  |o snkSC 197770/1  |i snk2022/9018  |8 0  |0 0  |1 0  |4 0  |d 2022-06-03  |f 1  |l 0  |r 2025-10-20 00:00:00  |w 2026-02-24 
952 |a SNK  |b SNK  |y VYP  |7 0  |p 17A1483832  |o snkSC 197770/1 D1  |i snk2022/9019  |8 0  |0 0  |1 0  |4 0  |d 2022-06-03  |l 0  |r 2026-02-24 08:36:25  |w 2026-02-24